[Event "Split op 10th"]
[Site "Split"]
[Date "2021.08.06"]
[Round "8"]
[White "Plenkovic, Zdenko"]
[Black "Purgar, Ivona"]
[Result "1-0"]
[WhiteElo "2358"]
[BlackElo "2166"]
[PlyCount "44"]
[EventDate "2021.07.31"]
[EventType "swiss"]
[EventRounds "9"]
[EventCountry "CRO"]
[SourceTitle "CBM 203 Extra"]
[Source "ChessBase"]
[SourceDate "2021.09.30"]
[SourceVersion "1"]
[SourceVersionDate "2021.09.30"]
[SourceQuality "1"]

1. e4 c5 2. Nf3 e6 3. d4 cxd4 4. Nxd4 Nc6 5. Nc3 Qc7 6. Be3 a6 7. Qf3 b5 8. Nxc6 Qxc6 9. Bd3 Bb7 10. 0-0 Ne7 11. Rfe1 Ng6 12. a4 b4 13. Nd5 Bc5 14. Bd2 Qd6 15. Nf4 0-0 16. Qg3 e5 17. Nh5 Qe6 18. c3 a5 19. cxb4 axb4 20. Rac1 Rfc8 21. Bc4 d5 22. Bb3 Qd6 1-0

[Event "Pula op 33rd"]
[Site "Pula"]
[Date "2019.06.26"]
[Round "6"]
[White "Pecnik, Leo"]
[Black "Purgar, Ivona"]
[Result "1-0"]
[WhiteElo "2334"]
[BlackElo "2194"]
[PlyCount "99"]
[EventDate "2019.06.22"]
[EventType "swiss"]
[EventRounds "9"]
[EventCountry "CRO"]
[SourceTitle "CBM 191 Extra"]
[Source "ChessBase"]
[SourceDate "2019.09.30"]
[SourceVersion "1"]
[SourceVersionDate "2019.09.30"]
[SourceQuality "1"]

1. e4 c5 2. Nf3 e6 3. d3 Nc6 4. g3 d6 5. Bg2 Nf6 6. 0-0 Be7 7. Re1 0-0 8. c3 e5 9. h3 h6 10. d4 cxd4 11. cxd4 Qb6 12. d5 Na5 13. b3 Bd7 14. Be3 Qa6 15. a4 b6 16. Nbd2 Qc8 17. Rc1 Qd8 18. Nh4 Rc8 19. Qf3 Re8 20. Bf1 Rxc1 21. Rxc1 Nb7 22. b4 Qb8 23. Nf5 Bxf5 24. Qxf5 g6 25. Qf3 Kg7 26. Ba6 Rc8 27. Nc4 Rc7 28. Na3 Rxc1+ 29. Bxc1 Qc7 30. Qe3 Nd8 31. Bd2 h5 32. Kg2 Nh7 33. Qc3 Qd7 34. Nb5 Bg5 35. f4 Bf6 36. Qc7 Qxc7 37. Nxc7 exf4 38. gxf4 g5 39. Ne8+ Kf8 40. Nxd6 gxf4 41. Bxf4 Bc3 42. Nc8 Bxb4 43. Bh6+ Kg8 44. Nxa7 f6 45. Nc6 Nxc6 46. dxc6 Bd6 47. Bc4+ Kh8 48. h4 Ng5 49. hxg5 Kh7 50. Bf8 1-0

[Event "CRO-chT (Women) 26th"]
[Site "Mali Losinj"]
[Date "2017.10.04"]
[Round "8.11"]
[White "Ivekovic, Ana"]
[Black "Purgar, Ivona"]
[Result "1/2-1/2"]
[WhiteElo "2070"]
[BlackElo "2159"]
[PlyCount "43"]
[EventDate "2017.09.28"]
[EventType "team-tourn"]
[EventRounds "9"]
[EventCountry "CRO"]
[SourceTitle "EXT 2018"]
[Source "ChessBase"]
[SourceDate "2017.10.13"]
[SourceVersion "1"]
[SourceVersionDate "2017.10.13"]
[SourceQuality "1"]
[WhiteTeam "Sisak (W)"]
[BlackTeam "Zagreb Mladost (W)"]
[WhiteTeamCountry "CRO"]
[BlackTeamCountry "CRO"]

1. d4 Nf6 2. c4 e6 3. Nf3 d5 4. Nc3 c6 5. cxd5 exd5 6. Bg5 Be7 7. e3 Bf5 8. Nh4 Bg4 9. Be2 Bxe2 10. Qxe2 h6 11. Bf4 g5 12. Bxb8 gxh4 13. Bf4 Qd7 14. 0-0 Qf5 15. Kh1 Rg8 16. Rac1 Rg6 17. Rfe1 Kf8 18. Qf3 Kg8 19. Be5 Qg5 20. Bf4 Qf5 21. Be5 Qg5 22. Bf4 1/2-1/2

[Event "CRO-chT (Women) 26th"]
[Site "Mali Losinj"]
[Date "2017.09.29"]
[Round "2.21"]
[White "Purgar, Ivona"]
[Black "Jacimovic, Sara"]
[Result "1-0"]
[WhiteElo "2159"]
[BlackElo "1975"]
[PlyCount "81"]
[EventDate "2017.09.28"]
[EventType "team-tourn"]
[EventRounds "9"]
[EventCountry "CRO"]
[SourceTitle "EXT 2018"]
[Source "ChessBase"]
[SourceDate "2017.10.13"]
[SourceVersion "1"]
[SourceVersionDate "2017.10.13"]
[SourceQuality "1"]
[WhiteTeam "Zagreb Mladost (W)"]
[BlackTeam "Djakovo Dama (W)"]
[WhiteTeamCountry "CRO"]
[BlackTeamCountry "CRO"]

1. e4 e5 2. Nf3 Nc6 3. Bb5 a6 4. Ba4 Nf6 5. d3 Bc5 6. 0-0 d6 7. c3 b5 8. Bc2 Bg4 9. Re1 0-0 10. h3 Bh5 11. Nbd2 Re8 12. Nf1 d5 13. Qe2 d4 14. Ng3 dxc3 15. bxc3 Bg6 16. Be3 Qd6 17. Rad1 Nh5 18. d4 Nxg3 19. fxg3 exd4 20. cxd4 Bb4 21. e5 Qd7 22. Rf1 Ne7 23. Bxg6 hxg6 24. Ng5 Rf8 25. Rxf7 Qd5 26. Rxf8+ Rxf8 27. g4 c5 28. e6 cxd4 29. Rxd4 Qc5 30. Rf4 Qc3 31. Rxf8+ Kxf8 32. Qf3+ Kg8 33. Qf7+ Kh8 34. Bf4 Bc5+ 35. Kh2 Qd4 36. Nf3 Qd8 37. Ne5 Qd4 38. Nf3 Qd8 39. Be5 Qg8 40. Ng5 Bb4 41. Qf2 1-0

[Event "Mitropa Cup (Women)"]
[Site "Balatonszarszo"]
[Date "2017.09.23"]
[Round "7.3"]
[White "Purgar, Ivona"]
[Black "Schneider, Jana"]
[Result "1-0"]
[WhiteElo "2159"]
[BlackElo "2231"]
[PlyCount "87"]
[EventDate "2017.09.17"]
[EventType "team-tourn"]
[EventRounds "9"]
[EventCountry "HUN"]
[SourceTitle "CBM 180 Extra"]
[Source "ChessBase"]
[SourceDate "2017.10.06"]
[SourceVersion "1"]
[SourceVersionDate "2017.10.06"]
[SourceQuality "1"]
[WhiteTeam "Croatia (W)"]
[BlackTeam "Germany (W)"]
[WhiteTeamCountry "CRO"]
[BlackTeamCountry "GER"]

1. e4 e6 2. d4 d5 3. Nd2 c5 4. exd5 Qxd5 5. Ngf3 cxd4 6. Bc4 Qd6 7. 0-0 Nf6 8. Nb3 Nc6 9. Nbxd4 Nxd4 10. Nxd4 a6 11. Re1 Qc7 12. Bb3 Bd7 13. g3 0-0-0 14. Bf4 Bd6 15. Bxd6 Qxd6 16. Nf3 Qc7 17. Qe2 Bc6 18. Ne5 Bd5 19. Bxd5 Nxd5 20. c4 Nb4 21. a3 Nc6 22. Nxc6 Qxc6 23. b4 Rd4 24. b5 axb5 25. cxb5 Qd6 26. Red1 Rd8 27. Rxd4 Qxd4 28. Rc1+ Kb8 29. Qc2 Qd7 30. Qxh7 Qd2 31. Rf1 Qb2 32. Qh4 f6 33. Qc4 Qxa3 34. Qxe6 Qd3 35. b6 Qd6 36. Qb3 Qd5 37. Qa4 Rd6 38. Qa7+ Kc8 39. Rc1+ Kd7 40. Qb8 Ke6 41. Qe8+ Kf5 42. Qh5+ Ke6 43. Re1+ Kd7 44. Qe8# 1-0

[Event "Mitropa Cup (Women)"]
[Site "Balatonszarszo"]
[Date "2017.09.17"]
[Round "1.15"]
[White "Purgar, Ivona"]
[Black "Kubicka, Anna"]
[Result "1-0"]
[WhiteElo "2159"]
[BlackElo "2221"]
[PlyCount "101"]
[EventDate "2017.09.17"]
[EventType "team-tourn"]
[EventRounds "9"]
[EventCountry "HUN"]
[SourceTitle "CBM 180 Extra"]
[Source "ChessBase"]
[SourceDate "2017.10.06"]
[SourceVersion "1"]
[SourceVersionDate "2017.10.06"]
[SourceQuality "1"]
[WhiteTeam "Croatia (W)"]
[BlackTeam "Poland (W)"]
[WhiteTeamCountry "CRO"]
[BlackTeamCountry "POL"]

1. e4 c5 2. Nf3 d6 3. d4 cxd4 4. Nxd4 Nf6 5. Nc3 a6 6. g3 e5 7. Nb3 Be7 8. Bg2 0-0 9. 0-0 Be6 10. a4 Nbd7 11. Re1 Qc7 12. Nd2 Qc5 13. Nf1 Bd8 14. Ne3 Ba5 15. Bd2 Nb6 16. Ncd5 Nbxd5 17. exd5 Bxd2 18. Qxd2 Bd7 19. a5 Rac8 20. c4 Ng4 21. b4 Qc7 22. Rac1 Nxe3 23. Rxe3 b6 24. c5 bxc5 25. bxc5 dxc5 26. d6 Qb8 27. Rxe5 c4 28. Re7 Qb5 29. Qc3 Rfe8 30. Rxe8+ Rxe8 31. Bf1 Qd5 32. Qxc4 Qxd6 33. Qxa6 Qd2 34. Rb1 Qd5 35. Qd3 Qc6 36. a6 Qc8 37. Qd2 Bc6 38. Rc1 Qe6 39. Qc2 Ba8 40. Qd3 g6 41. Bg2 Qf6 42. Qb5 Qe6 43. Bxa8 Rxa8 44. a7 Qe4 45. Rc4 Qf3 46. Rf4 Qd1+ 47. Kg2 Qd8 48. Qb7 f5 49. Rb4 Rc8 50. Qxc8 Qxc8 51. Rb8 1-0

[Event "CRO-ch (Women)"]
[Site "Malinska"]
[Date "2017.05.14"]
[Round "9"]
[White "Purgar, Ivona"]
[Black "Berke, Ana"]
[Result "1/2-1/2"]
[WhiteElo "2153"]
[BlackElo "2141"]
[PlyCount "76"]
[EventDate "2017.05.08"]
[EventType "tourn"]
[EventRounds "9"]
[EventCountry "CRO"]
[SourceTitle "CBM 178 Extra"]
[Source "ChessBase"]
[SourceDate "2017.06.22"]
[SourceVersion "1"]
[SourceVersionDate "2017.06.22"]
[SourceQuality "1"]

1. e4 c5 2. Nf3 d6 3. d4 cxd4 4. Nxd4 Nf6 5. Nc3 a6 6. g3 g6 7. Bg2 Bg7 8. 0-0 0-0 9. h3 Nc6 10. Be3 Bd7 11. Nd5 Nxd5 12. exd5 Nxd4 13. Bxd4 Bxd4 14. Qxd4 Rc8 15. c3 b5 16. Rfe1 Re8 17. Qa7 Qc7 18. Qe3 e5 19. dxe6 Rxe6 20. Qd2 Bc6 21. Bxc6 Qxc6 22. Rxe6 fxe6 23. Rd1 Rd8 24. Qg5 Qd7 25. h4 Rf8 26. g4 Qf7 27. Qe3 d5 28. Rd2 Qf6 29. Re2 Re8 30. g5 Qf5 31. Qd4 Rf8 32. Re5 Qf3 33. Qe3 Qg4+ 34. Kf1 Qd1+ 35. Kg2 Qg4+ 36. Kf1 Qd1+ 37. Kg2 Qg4+ 38. Kf1 Qd1+ 1/2-1/2

[Event "CRO-ch (Women)"]
[Site "Malinska"]
[Date "2017.05.09"]
[Round "2"]
[White "Purgar, Ivona"]
[Black "Medic, Mirjana"]
[Result "1-0"]
[WhiteElo "2153"]
[BlackElo "2113"]
[PlyCount "157"]
[EventDate "2017.05.08"]
[EventType "tourn"]
[EventRounds "9"]
[EventCountry "CRO"]
[SourceTitle "CBM 178 Extra"]
[Source "ChessBase"]
[SourceDate "2017.06.22"]
[SourceVersion "1"]
[SourceVersionDate "2017.06.22"]
[SourceQuality "1"]

1. e4 e6 2. d4 d5 3. Nd2 c5 4. Ngf3 Nf6 5. exd5 exd5 6. Bb5+ Bd7 7. Bxd7+ Nbxd7 8. 0-0 Be7 9. dxc5 Nxc5 10. Nb3 Nce4 11. Nfd4 Qd7 12. f3 Nd6 13. Nc5 Qc8 14. Nd3 0-0 15. Re1 Re8 16. c3 h6 17. Re2 Bd8 18. Bf4 Nf5 19. Rxe8+ Nxe8 20. Nxf5 Qxf5 21. Qd2 Bb6+ 22. Be3 Bc7 23. Re1 Nd6 24. b3 Re8 25. Nb4 Rxe3 26. Rxe3 Bb6 27. Nxd5 Bxe3+ 28. Nxe3 Qe6 29. Qd3 b6 30. Kf2 Qe5 31. Ng4 Qe6 32. Qe3 Qg6 33. Qe2 Qb1 34. Ne5 Qc1 35. c4 Qa3 36. Nd3 Nf5 37. g3 Kf8 38. Kg2 Nd4 39. Qd2 a5 40. Nf4 Qc5 41. Ne2 Ne6 42. Nc3 Kg8 43. Nb5 Qf5 44. Nd4 Nxd4 45. Qxd4 Qe6 46. a3 Qe2+ 47. Qf2 Qe6 48. Qd2 h5 49. Qd8+ Kh7 50. Qd3+ Kg8 51. b4 axb4 52. axb4 g6 53. Qc2 Kg7 54. c5 bxc5 55. Qb2+ Kf8 56. bxc5 Qd5 57. Qc2 Qc6 58. Qc4 Ke7 59. Qd4 Qe6 60. h4 Qa2+ 61. Kf1 Qb1+ 62. Ke2 Qc2+ 63. Ke3 Qc1+ 64. Ke4 Qc2+ 65. Kf4 Qf5+ 66. Ke3 Kf8 67. Qd6+ Kg7 68. c6 Qc2 69. c7 Qc3+ 70. Ke4 Qc2+ 71. Kd5 Qb3+ 72. Kd4 Qa4+ 73. Kc5 Qc2+ 74. Kb6 Qb3+ 75. Ka6 Qc4+ 76. Kb7 Qb5+ 77. Qb6 Qd5+ 78. Kb8 Qe5 79. f4 1-0

[Event "CRO-ch (Women)"]
[Site "Malinska"]
[Date "2017.05.09"]
[Round "3"]
[White "Vujnovic, Patricija"]
[Black "Purgar, Ivona"]
[Result "1/2-1/2"]
[WhiteElo "2099"]
[BlackElo "2153"]
[PlyCount "45"]
[EventDate "2017.05.08"]
[EventType "tourn"]
[EventRounds "9"]
[EventCountry "CRO"]
[SourceTitle "CBM 178 Extra"]
[Source "ChessBase"]
[SourceDate "2017.06.22"]
[SourceVersion "1"]
[SourceVersionDate "2017.06.22"]
[SourceQuality "1"]

1. d4 Nf6 2. c4 e6 3. Nc3 Bb4 4. e3 0-0 5. Bd3 c5 6. Nge2 cxd4 7. exd4 b6 8. 0-0 Bb7 9. d5 h6 10. Bf4 Nh5 11. Be3 Na6 12. a3 Bc5 13. b4 Bd6 14. Rc1 exd5 15. Nxd5 Nc7 16. Nd4 Nxd5 17. cxd5 Nf4 18. Nf5 Nxd3 19. Qxd3 Be5 20. Rfe1 d6 21. f4 Bf6 22. Bd4 Bc8 23. Ng3 1/2-1/2

[Event "CRO-chT2 Center 26th"]
[Site "Croatia"]
[Date "2017.04.09"]
[Round "5.34"]
[White "Purgar, Ivona"]
[Black "Vukic, Aleksandar"]
[Result "0-1"]
[WhiteElo "2156"]
[BlackElo "2067"]
[PlyCount "76"]
[EventDate "2017.03.26"]
[EventType "team-tourn"]
[EventRounds "11"]
[EventCountry "CRO"]
[SourceTitle "EXT 2019"]
[Source "ChessBase"]
[SourceDate "2018.10.10"]
[SourceVersion "1"]
[SourceVersionDate "2018.10.10"]
[SourceQuality "1"]

1. e4 c5 2. Nf3 d6 3. d4 cxd4 4. Nxd4 Nf6 5. Nc3 e6 6. g3 Be7 7. Bg2 0-0 8. 0-0 a6 9. a4 Qc7 10. f4 Bd7 11. Kh1 Nc6 12. Nb3 Na5 13. Nxa5 Qxa5 14. g4 Bc6 15. g5 Nd7 16. Nd5 exd5 17. exd5 Bxa4 18. b3 Nc5 19. bxa4 f5 20. Ra3 Rf7 21. Qd4 Bf8 22. Bd2 Qd8 23. Re3 Qd7 24. a5 g6 25. Bb4 Bg7 26. Qd2 Rc8 27. Rfe1 Qb5 28. Re7 Ne4 29. R7xe4 fxe4 30. Bh3 Rc4 31. c3 e3 32. Qxe3 Rcxf4 33. Be6 Rf1+ 34. Kg2 Be5 35. Bxf7+ Rxf7 36. Qe4 Rf4 37. Qe3 Qxd5+ 38. Kg1 Rg4+ 0-1

[Event "AUT-chT2O 1617"]
[Site "Austria"]
[Date "2017.03.05"]
[Round "9.2"]
[White "Purgar, Ivona"]
[Black "Sadilek, Maximilian"]
[Result "1-0"]
[WhiteElo "2134"]
[BlackElo "2258"]
[PlyCount "81"]
[EventDate "2016.10.15"]
[EventType "team-tourn"]
[EventRounds "11"]
[EventCountry "AUT"]
[SourceTitle "CBM 177 Extra"]
[Source "ChessBase"]
[SourceDate "2017.04.27"]
[SourceVersion "1"]
[SourceVersionDate "2017.04.27"]
[SourceQuality "1"]
[WhiteTeam "Baden Invest"]
[BlackTeam "Tschaturanga"]
[WhiteTeamCountry "AUT"]
[BlackTeamCountry "AUT"]

1. e4 Nc6 2. d4 d5 3. e5 f6 4. f4 Nh6 5. Be2 Bf5 6. a3 e6 7. Nf3 Be4 8. 0-0 Qd7 9. b4 a5 10. b5 Ne7 11. Nfd2 Bg6 12. a4 Nef5 13. Nb3 fxe5 14. fxe5 Be7 15. Bh5 0-0 16. Bf4 b6 17. N1d2 Bxh5 18. Qxh5 g6 19. Qe2 g5 20. Be3 Qe8 21. Bf2 Qg6 22. c4 g4 23. cxd5 g3 24. Bxg3 Nxg3 25. hxg3 exd5 26. Rac1 Ng4 27. Rf4 h5 28. Rc6 Qg7 29. Qf3 Bg5 30. Qxd5+ Kh8 31. Qe4 Rf7 32. Rg6 Bxf4 33. Rxg7 Be3+ 34. Qxe3 Rxg7 35. Qf3 Re8 36. Ne4 Ree7 37. Qf8+ Kh7 38. Nf6+ Kg6 39. Nxg4 hxg4 40. Qf6+ Kh7 41. e6 1-0

[Event "AUT-chT2O 1617"]
[Site "Austria"]
[Date "2017.01.15"]
[Round "7.1"]
[White "Wilke, Werner"]
[Black "Purgar, Ivona"]
[Result "1-0"]
[WhiteElo "2226"]
[BlackElo "2134"]
[PlyCount "100"]
[EventDate "2016.10.15"]
[EventType "team-tourn"]
[EventRounds "11"]
[EventCountry "AUT"]
[SourceTitle "CBM 177 Extra"]
[Source "ChessBase"]
[SourceDate "2017.04.27"]
[SourceVersion "1"]
[SourceVersionDate "2017.04.27"]
[SourceQuality "1"]
[WhiteTeam "Poechlarn"]
[BlackTeam "Baden Invest"]
[WhiteTeamCountry "AUT"]
[BlackTeamCountry "AUT"]

1. e4 c5 2. Nf3 e6 3. g3 d6 4. Bg2 Nf6 5. Qe2 Be7 6. 0-0 0-0 7. Rd1 Qc7 8. d4 cxd4 9. Nxd4 a6 10. c4 Nc6 11. Nc3 Bd7 12. Nxc6 bxc6 13. b3 Bc8 14. Bb2 Rb8 15. f4 Nd7 16. Kh1 Bb7 17. Rd2 Rbd8 18. Rad1 Rfe8 19. h4 Bf8 20. Qf2 Nf6 21. Bf3 d5 22. e5 Nd7 23. cxd5 cxd5 24. Rc1 Qb8 25. Na4 Rc8 26. Rdc2 Rxc2 27. Rxc2 Rc8 28. Bd4 Rc7 29. Qd2 Qc8 30. Bd1 Rxc2 31. Qxc2 Bc6 32. Be2 Qb7 33. Bd3 g6 34. Kh2 Bb5 35. Nb2 Ba3 36. Bxb5 Qxb5 37. Nd3 Be7 38. Kh3 Kg7 39. g4 f6 40. a4 Qa5 41. b4 Qd8 42. Qc6 fxe5 43. Nxe5 Nxe5 44. Qxe6 Bf6 45. g5 Qd7 46. gxf6+ Kh6 47. Qxd7 Nxd7 48. b5 axb5 49. axb5 g5 50. hxg5+ Kg6 1-0

[Event "AUT-chT (Women) 1617"]
[Site "Austria"]
[Date "2017.01.14"]
[Round "1.1"]
[White "Purgar, Ivona"]
[Black "Rozman, Monika"]
[Result "0-1"]
[WhiteElo "2156"]
[BlackElo "2114"]
[PlyCount "84"]
[EventDate "2017.01.14"]
[EventType "team-tourn"]
[EventRounds "11"]
[EventCountry "AUT"]
[SourceTitle "EXT 2018"]
[Source "ChessBase"]
[SourceDate "2017.10.13"]
[SourceVersion "1"]
[SourceVersionDate "2017.10.13"]
[SourceQuality "1"]
[WhiteTeam "Baden (W)"]
[BlackTeam "Feffernitz (W)"]
[WhiteTeamCountry "AUT"]
[BlackTeamCountry "AUT"]

1. e4 c5 2. Nf3 d6 3. d4 cxd4 4. Nxd4 Nf6 5. Nc3 a6 6. g3 e6 7. Bg2 Be7 8. 0-0 Qc7 9. Be3 0-0 10. f4 Nc6 11. Kh1 Rb8 12. a4 Re8 13. Qe2 Bd7 14. Nb3 Na5 15. g4 Nxb3 16. cxb3 Bc6 17. g5 Nd7 18. b4 b5 19. axb5 axb5 20. Rfc1 Rec8 21. Ra5 Qd8 22. Nxb5 Bxb5 23. Rxb5 Rxc1+ 24. Bxc1 Ra8 25. Bd2 Ra1+ 26. Bf1 Nb6 27. Ra5 Rb1 28. Bc3 d5 29. Qd3 Rc1 30. Kg2 Nc4 31. Ra7 Bf8 32. exd5 exd5 33. Qd4 Qc8 34. Be2 Rc2 35. Qd3 Qg4+ 36. Kf1 Qxf4+ 37. Qf3 Ne3+ 38. Kf2 Ng4+ 39. Kg2 Qxh2+ 40. Kf1 Rc1+ 41. Be1 Ne5 42. Qxd5 Qf4+ 0-1

[Event "CRO-chT (Women)"]
[Site "Sibenik"]
[Date "2016.10.14"]
[Round "8.1"]
[White "Purgar, Ivona"]
[Black "Jelica, Mara"]
[Result "1-0"]
[WhiteElo "2134"]
[BlackElo "2099"]
[PlyCount "73"]
[EventDate "2016.10.08"]
[EventType "team-tourn"]
[EventRounds "9"]
[EventCountry "CRO"]
[SourceTitle "EXT 2017"]
[Source "ChessBase"]
[SourceDate "2016.10.25"]
[SourceVersion "1"]
[SourceVersionDate "2016.10.25"]
[SourceQuality "1"]
[WhiteTeam "Zagreb Mladost (W)"]
[BlackTeam "Busevec Polet (W)"]
[WhiteTeamCountry "CRO"]
[BlackTeamCountry "CRO"]

1. e4 c5 2. Nf3 d6 3. d4 cxd4 4. Nxd4 Nf6 5. Nc3 a6 6. g3 g6 7. Bg2 Bg7 8. 0-0 0-0 9. b3 Nbd7 10. Bb2 Nc5 11. Re1 Bd7 12. Nd5 Re8 13. Qd2 Rc8 14. c4 b5 15. Bc3 Nxd5 16. cxd5 Qb6 17. Rac1 Nb7 18. Bb2 b4 19. Nf3 Bxb2 20. Qxb2 Nc5 21. Qd2 Kg7 22. Rc4 a5 23. e5 h6 24. Qd4 Kh7 25. Qe3 Kg7 26. Rh4 h5 27. e6 fxe6 28. dxe6 Bb5 29. Rxh5 gxh5 30. Qg5+ Kh7 31. Qxh5+ Kg7 32. Qf7+ Kh6 33. Nh4 Bd3 34. Be4 Rg8 35. Qh7+ Kg5 36. f4+ Kf6 37. Qf7# 1-0

[Event "CRO-chT (Women)"]
[Site "Sibenik"]
[Date "2016.10.13"]
[Round "7.4"]
[White "Mikic, Ivana"]
[Black "Purgar, Ivona"]
[Result "0-1"]
[WhiteElo "1605"]
[BlackElo "2134"]
[PlyCount "96"]
[EventDate "2016.10.08"]
[EventType "team-tourn"]
[EventRounds "9"]
[EventCountry "CRO"]
[SourceTitle "EXT 2017"]
[Source "ChessBase"]
[SourceDate "2016.10.25"]
[SourceVersion "1"]
[SourceVersionDate "2016.10.25"]
[SourceQuality "1"]
[WhiteTeam "Vinkovci (W)"]
[BlackTeam "Zagreb Mladost (W)"]
[WhiteTeamCountry "CRO"]
[BlackTeamCountry "CRO"]

1. e4 c5 2. Nf3 e6 3. d4 cxd4 4. Nxd4 Nc6 5. Nc3 a6 6. Be3 Qc7 7. Be2 b5 8. 0-0 Bb7 9. a3 Nf6 10. Qd2 Nxd4 11. Qxd4 Bd6 12. g3 Be5 13. Qd3 Bxc3 14. Qxc3 Qxc3 15. bxc3 Bxe4 16. a4 bxa4 17. Rxa4 Bxc2 18. Rxa6 Rxa6 19. Bxa6 Ke7 20. Bd4 d6 21. Re1 Rb8 22. Re2 Rb1+ 23. Kg2 Be4+ 24. f3 Bc6 25. Kf2 e5 26. Bd3 Rd1 27. Bc2 Rh1 28. Kg2 Rc1 29. Kf2 Bb5 30. Be3 Rh1 31. Kg2 Bxe2 32. Kxh1 Bxf3+ 33. Kg1 Be2 34. Bb3 Ne4 35. c4 Nc5 36. Bxc5 dxc5 37. Kf2 Bd3 38. Ke3 Bb1 39. Bd1 f5 40. Be2 Ke6 41. Bf3 e4 42. Be2 g5 43. Bf1 Ke5 44. Be2 f4+ 45. gxf4+ gxf4+ 46. Kf2 f3 47. Bf1 Kf4 48. Ke1 e3 0-1

[Event "Schwarzach op 31st"]
[Site "Schwarzach"]
[Date "2016.08.20"]
[Round "1"]
[White "Purgar, Ivona"]
[Black "Lizak, Peter"]
[Result "1/2-1/2"]
[WhiteElo "2159"]
[BlackElo "2454"]
[PlyCount "120"]
[EventDate "2016.08.20"]
[EventType "swiss"]
[EventRounds "9"]
[EventCountry "AUT"]
[SourceTitle "CBM 174 Extra"]
[Source "ChessBase"]
[SourceDate "2016.10.10"]
[SourceVersion "1"]
[SourceVersionDate "2016.10.10"]
[SourceQuality "1"]

1. e4 e6 2. d4 d5 3. Nd2 Be7 4. Bd3 c5 5. Ngf3 Nf6 6. exd5 exd5 7. dxc5 0-0 8. 0-0 Bxc5 9. Nb3 Bb6 10. h3 Nc6 11. Bg5 h6 12. Bh4 g5 13. Bg3 Ne4 14. Bxe4 dxe4 15. Ne5 f5 16. Nxc6 bxc6 17. Bd6 Rf6 18. Be5 Qxd1 19. Rfxd1 Re6 20. Bd4 Bc7 21. Bc3 f4 22. Nd4 Re8 23. Nxc6 e3 24. Nd4 Ba6 25. Nf3 exf2+ 26. Kxf2 Bb6+ 27. Bd4 Rac8 28. Rd2 Re3 29. Bxb6 axb6 30. c3 Rce8 31. Nd4 h5 32. b4 Bc4 33. Nf5 Re2+ 34. Rxe2 Rxe2+ 35. Kg1 Bd5 36. Kf1 Bc4 37. Kg1 Bxa2 38. Rd1 Bc4 39. Nd6 Bb3 40. Rd4 Kg7 41. h4 Kg6 42. hxg5 Kxg5 43. Ne4+ Kf5 44. Nd2 Ba2 45. Kf1 Re3 46. c4 h4 47. Kf2 h3 48. Nf3 hxg2 49. Kxg2 Kg4 50. Nd2 Rc3 51. Kf2 Rc1 52. b5 Rc2 53. Ke2 Rc1 54. Kd3 Kg3 55. Rd6 f3 56. Rg6+ Kf4 57. Rf6+ Kg4 58. Nxf3 Bxc4+ 59. Kd2 Rb1 60. Ne5+ Kg5 1/2-1/2

[Event "CRO-chT2 Center 25th"]
[Site "Croatia"]
[Date "2016.04.17"]
[Round "6.44"]
[White "Sokac, Marko"]
[Black "Purgar, Ivona"]
[Result "1-0"]
[WhiteElo "2162"]
[BlackElo "2171"]
[PlyCount "63"]
[EventDate "2016.03.13"]
[EventType "team-tourn"]
[EventRounds "11"]
[EventCountry "CRO"]
[SourceTitle "EXT 2019"]
[Source "ChessBase"]
[SourceDate "2018.10.10"]
[SourceVersion "1"]
[SourceVersionDate "2018.10.10"]
[SourceQuality "1"]

1. e4 c5 2. Nf3 e6 3. d4 cxd4 4. Nxd4 Nc6 5. Nc3 Qc7 6. g3 a6 7. Bg2 Nf6 8. 0-0 h5 9. h3 Be7 10. Be3 b5 11. e5 Ng8 12. Nxc6 dxc6 13. Ne4 Bb7 14. Bc5 Bxc5 15. Nxc5 Rd8 16. Qe2 Ne7 17. Rfd1 Nd5 18. c4 bxc4 19. Qxc4 0-0 20. Qh4 g6 21. Qg5 Kg7 22. Be4 Bc8 23. Rd3 Qb6 24. Rc1 Qxb2 25. Rf3 a5 26. Nb3 a4 27. Rb1 Qe2 28. Nc5 Qxa2 29. Rf6 Ne7 30. Rb7 Bxb7 31. Nxe6+ fxe6 32. Rxg6+ 1-0

[Event "CRO-ch (Women)"]
[Site "Zagreb"]
[Date "2016.02.27"]
[Round "9"]
[White "Purgar, Ivona"]
[Black "Cvitan, Ena"]
[Result "1-0"]
[WhiteElo "2170"]
[BlackElo "1947"]
[PlyCount "37"]
[EventDate "2016.02.19"]
[EventType "tourn"]
[EventRounds "9"]
[EventCountry "CRO"]
[SourceTitle "CBM 171 Extra"]
[Source "ChessBase"]
[SourceDate "2016.04.26"]
[SourceVersion "1"]
[SourceVersionDate "2016.04.26"]
[SourceQuality "1"]

1. e4 c5 2. Nf3 d6 3. d4 cxd4 4. Nxd4 Nf6 5. Nc3 g6 6. Be2 Bg7 7. Be3 Nc6 8. 0-0 0-0 9. Nb3 a6 10. a4 Be6 11. f3 Rc8 12. Nd5 Ne5 13. Bb6 Qd7 14. Na5 Bxd5 15. exd5 Qf5 16. c4 Bh6 17. f4 Ned7 18. g4 Qe4 19. Bd3 1-0

[Event "CRO-ch (Women)"]
[Site "Zagreb"]
[Date "2016.02.24"]
[Round "6"]
[White "Medic, Mirjana"]
[Black "Purgar, Ivona"]
[Result "1/2-1/2"]
[WhiteElo "2204"]
[BlackElo "2170"]
[PlyCount "53"]
[EventDate "2016.02.19"]
[EventType "tourn"]
[EventRounds "9"]
[EventCountry "CRO"]
[SourceTitle "CBM 171 Extra"]
[Source "ChessBase"]
[SourceDate "2016.04.26"]
[SourceVersion "1"]
[SourceVersionDate "2016.04.26"]
[SourceQuality "1"]

1. d4 Nf6 2. Nf3 e6 3. c4 Bb4+ 4. Nbd2 b6 5. a3 Bxd2+ 6. Bxd2 Bb7 7. Bg5 h6 8. Bh4 d6 9. e3 Nbd7 10. Bg3 Ne4 11. Nd2 Nxd2 12. Qxd2 h5 13. h4 Qe7 14. f3 e5 15. d5 e4 16. f4 Qf6 17. Qc2 Qg6 18. Bf2 a5 19. Rh3 Nc5 20. Rg3 Qf6 21. Rg5 Bc8 22. Be2 g6 23. 0-0-0 Bd7 24. Be1 Ba4 25. Qc3 Qxc3+ 26. Bxc3 Bxd1 27. Kxd1 1/2-1/2

[Event "CRO-ch (Women)"]
[Site "Zagreb"]
[Date "2016.02.21"]
[Round "3"]
[White "Ivekovic, Ana"]
[Black "Purgar, Ivona"]
[Result "1-0"]
[WhiteElo "2083"]
[BlackElo "2170"]
[PlyCount "117"]
[EventDate "2016.02.19"]
[EventType "tourn"]
[EventRounds "9"]
[EventCountry "CRO"]
[SourceTitle "CBM 171 Extra"]
[Source "ChessBase"]
[SourceDate "2016.04.26"]
[SourceVersion "1"]
[SourceVersionDate "2016.04.26"]
[SourceQuality "1"]

1. d4 Nf6 2. c4 e6 3. Nf3 Bb4+ 4. Bd2 Qe7 5. e3 Bxd2+ 6. Nbxd2 d6 7. Qc2 0-0 8. g3 e5 9. Bg2 h6 10. e4 a5 11. 0-0 Nc6 12. d5 Nb8 13. Rfc1 Nbd7 14. b3 Nc5 15. a3 Bd7 16. b4 Na6 17. Qc3 axb4 18. axb4 c6 19. dxc6 bxc6 20. c5 Rfe8 21. Bf1 Nc7 22. Rxa8 Nxa8 23. cxd6 Qxd6 24. Nc4 Qe7 25. Ncxe5 Nxe4 26. Qd4 Nf6 27. Nxd7 Nxd7 28. Rxc6 Nf6 29. b5 Qb7 30. Bc4 Nc7 31. Qd3 Ne6 32. Bxe6 fxe6 33. Nd4 Qd7 34. Qc4 Nd5 35. b6 Kh8 36. Nb5 Rb8 37. Qc5 Qb7 38. Nd6 Qd7 39. Rc8+ Rxc8 40. Qxc8+ Qxc8 41. Nxc8 Nb4 42. Ne7 Na6 43. Nc6 Nc5 44. Nd8 Nd7 45. b7 Nb8 46. Nxe6 Kg8 47. Kg2 Kf7 48. Nd4 Kf6 49. Kf3 Ke5 50. Ke3 g6 51. Nf3+ Kd6 52. Nh4 Kc7 53. Nxg6 Nd7 54. Kf4 Kxb7 55. Ne5 Nc5 56. Kf5 Kc7 57. Kg6 Kd6 58. Nf7+ Ke6 59. Nxh6 1-0